100 Biggest Cities of Kyrgyzstan on a Map - Statistics

General Stats
  • This quiz has been taken 129 times
  • The average score is 11 of 100
Answers on the Map
Answers color-coded by a green-red scale on the quiz's map according to % correct below.
 
Answer Stats
Population City % Correct
1,165,497 Bishkek
100%
366,738 Osh
81%
82,517 Karakol
55%
130,899 Jalal-Abad
48%
42,364 Naryn
47%
42,640 Talas
40%
75,167 Tokmok
35%
29,579 Batken
32%
23,879 Kant
31%
64,072 Uzgen
29%
53,199 Balykchy
26%
12,892 Cholpon-Ata
26%
54,045 Kara-Balta
23%
37,962 Tash-Kumyr
21%
21,431 Toktogul
19%
12,895 Chui
18%
28,418 Kara-Suu
18%
62,710 Kyzyl-Kiya
18%
9,834 Ak-Suu
16%
15,518 Kyzyl-Suu
15%
60,404 Bazar-Korgon
13%
27,823 Kara-Kul
11%
23,670 Novopavlovka
11%
31,540 Sokuluk
11%
12,525 Tyup
11%
14,586 Alexandrovka
10%
11,182 Kara-Tash
10%
9,027 Kemin
10%
35,311 Razzakov
10%
34,075 Aravan
8%
14,858 At-Bashy
8%
9,088 Bosteri
8%
14,187 Gulcha
8%
22,266 Kashgar-Kyshtak
8%
27,378 Kerben
8%
18,642 Kochkor-Ata
8%
20,975 Kurshab
8%
16,492 Nookat
8%
21,916 Novopokrovka
8%
11,863 Shamaldy-Sai
8%
11,331 Aidarken
6%
8,229 Bakai-Ata
6%
8,887 Barskoon
6%
11,543 Bujum
6%
15,436 Kadamzhai
6%
14,788 Kara-Kulja
6%
7,813 Krasnaya Rechka
6%
26,793 Mailuu-Suu
6%
10,762 Shopokov
6%
25,402 Sulukta
6%
9,785 Tepe-Korgon
6%
15,364 Uch-Korgon
6%
21,071 Voenno-Antonovka
6%
9,456 Ananyevo
5%
13,328 Bokonbaevo
5%
17,824 Ivanovka
5%
8,413 Kara-Bak
5%
8,739 Karavan
5%
13,765 Kyzyl-Adyr
5%
8,209 Kyzyl-Bel
5%
21,842 Lebedinovka
5%
16,822 Myrza-Ake
5%
7,971 Samarkandyk
5%
12,264 Alamudun
3%
8,336 Andarak
3%
23,872 Belovodskoye
3%
10,479 Kaindy
3%
8,009 Kirov
3%
10,739 Kochkorka
3%
8,346 Kok-Bel
3%
10,033 Kulundu
3%
12,389 Kyzyl-Kyshtak
3%
12,624 Nariman
3%
8,704 Panfilovskoye
3%
8,896 Pokrovka
3%
8,448 Saruu
3%
12,200 Tashtak
3%
10,680 Vostochny
3%
8,392 Arybaz
2%
9,414 Baetovo
2%
11,376 Baryn
2%
8,694 Chaldybar
2%
11,657 Chapaev
2%
11,423 Chon-Aryk
2%
13,903 Dyikan-Kyshtak
2%
13,660 Dzhany-Kyshtak
2%
11,469 Gulbahor
2%
9,650 Kek-Jar
2%
12,587 Kok-Zhangak
2%
11,014 Leninskoye
2%
10,900 Mayevka
2%
10,870 Nizhnyaya-Ala-Archa
2%
8,295 Novonikolayevka
2%
8,437 Oktyabrskoye
2%
11,116 Petrovka
2%
10,731 Sadovoye
2%
12,013 Selektionnoe
2%
22,568 Shark
2%
8,155 Telman
2%
14,068 Teplocluchenka
2%
No matching quizzes found
Score Distribution
Percent of People with Each Score
Percentile by Number Answered
Your Score History
You have not taken this quiz